00649nam a22002057a 450000500170000001000130001702000100003003500130004003700160005304000120006908200150008110000220009624500930011826000450021127000620025630000320031850000510035065000270040165000150042820170124110022.0 aB-011516 c00.00 aB-011516 bCen Lib/Ret aDPLbEN a509.2bDAS aDasgupta, Subrata aJagadis Chandra Bose and the indian response to western science /cby Subrata Dasgupta aNew DelhibOxford University Pressc1999 aYACM Library Building, Jai Singh Road bNew Delhie110001 axii,309p. :bill.c22cm(Hb) aIncludes bibliographical references and index. aDiscoveries in science aPhysicists